000 00340nab a22001097u 4500
008 130520b1988 xxu||||| |||| 00| 0 spa d
041 _aspa
100 1 _aFolliard, D.
_967197
245 0 0 _aLiteratura teológica de las minorías de Estados Unidos
_cD. Folliard
773 0 _tConcilium
_gV.2,1988,págs.289-294
_x0210-1041
_wRev134
942 _cAR
999 _c355408
_d355408